भारतीय साम्राज्य : भाग ४ (Record no. 836808)
[ view plain ]
| 000 -LEADER | |
|---|---|
| fixed length control field | 01052nam a22001937a 4500 |
| 003 - CONTROL NUMBER IDENTIFIER | |
| control field | OSt |
| 005 - DATE AND TIME OF LATEST TRANSACTION | |
| control field | 20140407122112.0 |
| 008 - FIXED-LENGTH DATA ELEMENTS--GENERAL INFORMATION | |
| fixed length control field | 130124b xxu||||| |||| 00| 0 eng d |
| 040 ## - CATALOGING SOURCE | |
| Language of cataloging | मराठी |
| Transcribing agency | विद्या प्रसारक मंडळ, ठाणे |
| 082 ## - DEWEY DECIMAL CLASSIFICATION NUMBER | |
| Classification number | 38 |
| 100 ## - MAIN ENTRY--PERSONAL NAME | |
| Personal name | पावगी, नारायण भवानराव |
| 245 ## - TITLE STATEMENT | |
| Title | भारतीय साम्राज्य : भाग ४ |
| 260 ## - PUBLICATION, DISTRIBUTION, ETC. (IMPRINT) | |
| Place of publication, distribution, etc | पुणे |
| Name of publisher, distributor, etc | सत्यप्रकाश छापखान्यात छापून प्रसिध्द केले |
| Date of publication, distribution, etc | 1893 |
| 300 ## - PHYSICAL DESCRIPTION | |
| Extent | २५७ पृष्ठे |
| 520 ## - SUMMARY, ETC. | |
| Summary, etc | भारतीय साम्राज्य |
| 653 ## - INDEX TERM--UNCONTROLLED | |
| Uncontrolled term | भारतीय साम्राज्य |
| 856 ## - ELECTRONIC LOCATION AND ACCESS | |
| Uniform Resource Identifier | <a href="http://dspace.vpmthane.org:8080/jspui/bitstream/123456789/3380/1/39Bharatiya%20Samarajya%20Vol%204%20%e0%a4%ad%e0%a4%be%e0%a4%b0%e0%a4%a4%e0%a5%80%e0%a4%af%20%e0%a4%b8%e0%a4%be%e0%a4%ae%e0%a5%8d%e0%a4%b0%e0%a4%be%e0%a4%9c%e0%a5%8d%e0%a4%af%20-%e0%a5%aa.pdf">http://dspace.vpmthane.org:8080/jspui/bitstream/123456789/3380/1/39Bharatiya%20Samarajya%20Vol%204%20%e0%a4%ad%e0%a4%be%e0%a4%b0%e0%a4%a4%e0%a5%80%e0%a4%af%20%e0%a4%b8%e0%a4%be%e0%a4%ae%e0%a5%8d%e0%a4%b0%e0%a4%be%e0%a4%9c%e0%a5%8d%e0%a4%af%20-%e0%a5%aa.pdf</a> |
| 942 ## - ADDED ENTRY ELEMENTS (KOHA) | |
| Source of classification or shelving scheme | Dewey Decimal Classification |
| Koha item type | E-Book Marathi |
| Withdrawn status | Lost status | Source of classification or shelving scheme | Damaged status | Not for loan | Home library | Current library | Date acquired | Total Checkouts | Full call number | Barcode | Date last seen | Uniform Resource Identifier | Price effective from | Koha item type |
|---|---|---|---|---|---|---|---|---|---|---|---|---|---|---|
| Dewey Decimal Classification | VPM Digital Repository | VPM Digital Repository | 01/24/2013 | 039 | VPMDIGI-039 | 01/24/2013 | http://dspace.vpmthane.org:8080/jspui/bitstream/123456789/3380/1/39Bharatiya%20Samarajya%20Vol%204%20%e0%a4%ad%e0%a4%be%e0%a4%b0%e0%a4%a4%e0%a5%80%e0%a4%af%20%e0%a4%b8%e0%a4%be%e0%a4%ae%e0%a5%8d%e0%a4%b0%e0%a4%be%e0%a4%9c%e0%a5%8d%e0%a4%af%20-%e0%a5%aa.pd | 01/24/2013 | E-Book Marathi |